000 00466nam a2200133Ia 4500
008 220216s9999 xx 000 0 und d
100 _aMondal G C
245 0 _aPerformance of ten selections from a polyclonal seedling population of natural rubber (Hevea brasiliensis) in Assam
260 _bPlacrosym XVII, 2006, Kochi, India. Journal of Plantations Crops, 34(3): pp.181-185.
700 _aChaudhuri D
700 _aDas K
700 _aVarghese Y A
942 _cBS
999 _c49416
_d49416